[Event "Aut_2.Bundesliga_Ost_2003/04"]
[Site "Bruck/Leitha (1+2), Wien (3+4), Eichgraben (5-7), Wien (8+9), Eichgraben (10+11)"]
[Date "2003.10.26"]
[Round "2"]
[Board "5"]
[White "Ponjican, Erich"]
[Black "Wadsack, Winfried"]
[Result "0-1"]
[WhiteElo "2115"]
[BlackElo "2146"]
[PlyCount "80"]

1.e4 d5 2.exd5 Nf6 3.d4 Nxd5 4.c4 Nb6 5.Nc3 e5 6.dxe5 Qxd1+ 7.Nxd1 Nc6 8.f4 Be6
9.b3 Nb4 10.Ne3 Bc5 11.a3 Nc6 12.Nf3 O-O-O 13.Be2 a5 14.Ng5 Nd4 15.Nxe6 Nxe6
16.Nc2 Nd4 17.Nxd4 Bxd4 18.Ra2 Rhe8 19.Rf1 Kb8 20.Rf3 f6 21.exf6 gxf6 22.Kf1 Nd7
23.b4 axb4 24.axb4 c5 25.b5 Re7 26.Rfa3 Nb6 27.Bd2 Rde8 28.Ba5 Nc8 29.Bf3 Nb6
30.Rc2 Nc8 31.g3 Nd6 32.Bd5 Nf5 33.Bd2 Re2 34.Rf3 Rxh2 35.Ra2 Nxg3+ 36.Rxg3 Rf2+
37.Kg1 Rxd2+ 38.Kf1 Rxa2 39.Rg7 Rf2+ 40.Kg1 Re1#

[Event "Aut_2.Bundesliga_Ost_2003/04"]
[Site "Bruck/Leitha (1+2), Wien (3+4), Eichgraben (5-7), Wien (8+9), Eichgraben (10+11)"]
[Date "2003.10.26"]
[Round "2"]
[Board "6"]
[White "Thierjung, Helmut"]
[Black "Zsifkovits, Robert"]
[Result "1/2-1/2"]
[WhiteElo "2052"]
[BlackElo "2135"]
[PlyCount "88"]

1.d4 Nf6 2.Nf3 d5 3.g3 c6 4.Bg2 Bf5 5.Nbd2 h6 6.c4 e6 7.O-O Be7 8.Qb3 Qb6 9.c5
Qxb3 10.axb3 Nbd7 11.b4 O-O 12.Re1 a6 13.Nb3 Bd8 14.Na5 Bxa5 15.bxa5 Rfe8 16.Bf4
Be4 17.b4 Nf8 18.Bd6 N6d7 19.Bh3 Ng6 20.Nd2 Ne7 21.f3 Bg6 22.e4 dxe4 23.fxe4 Nf6
24.Bg2 Nc8 25.Be5 Na7 26.Nc4 Nb5 27.Nd6 Nxd6 28.Bxd6 Rac8 29.Rad1 Rcd8 30.h3 Rd7
31.Rd2 Red8 32.d5 exd5 33.exd5 cxd5 34.Bxd5 Nxd5 35.Rxd5 Bc2 36.Rde5 Ba4 37.Re8+
Rxe8 38.Rxe8+ Kh7 39.Re7 Kg6 40.Re3 Bc6 41.Kf2 h5 42.h4 f6 43.Rd3 Bb5 44.Rd4 Bc6

[Event "Aut_2.Bundesliga_Ost_2003/04"]
[Site "Bruck/Leitha (1+2), Wien (3+4), Eichgraben (5-7), Wien (8+9), Eichgraben (10+11)"]
[Date "2003.10.26"]
[Round "2"]
[Board "1"]
[White "Markos, Jan"]
[Black "Pingitzer, Harald"]
[Result "1/2-1/2"]
[WhiteElo "2459"]
[BlackElo "2381"]
[PlyCount "106"]

1.Nf3 d5 2.c4 c6 3.b3 Nf6 4.g3 g6 5.Bb2 Bg7 6.Bg2 O-O 7.O-O a5 8.Nc3 Ne4 9.d4
Nxc3 10.Bxc3 b5 11.cxb5 cxb5 12.Ne5 e6 13.Qd2 Qb6 14.Rac1 Nd7 15.Rfd1 f6 16.Nd3
Bb7 17.Nc5 Nxc5 18.dxc5 Qa6 19.Qe3 Rfe8 20.a3 Bc6 21.b4 a4 22.Rd3 Qb7 23.Rcd1
Rac8 24.Qd2 Rc7 25.f4 Rcc8 26.e3 f5 27.Kf2 Bxc3 28.Qxc3 Qg7 29.Bf3 Qxc3 30.Rxc3
h5 31.h3 Kf7 32.Ke2 Kf6 33.Rcc1 Rcd8 34.Kf2 Rh8 35.Rh1 Rh7 36.g4 hxg4 37.hxg4
Rdh8 38.Kg3 Rxh1 39.Rxh1 Rxh1 40.Bxh1 g5 41.Bf3 gxf4+ 42.Kxf4 e5+ 43.Kg3 Kg5
44.gxf5 Kxf5 45.Bg2 e4 46.Bf1 Ke5 47.Kf2 Bd7 48.Be2 d4 49.Bh5 d3 50.Ke1 Kd5
51.Kd2 Bc6 52.Bf7+ Ke5 53.Bh5 Kd5

[Event "Aut_2.Bundesliga_Ost_2003/04"]
[Site "Bruck/Leitha (1+2), Wien (3+4), Eichgraben (5-7), Wien (8+9), Eichgraben (10+11)"]
[Date "2003.10.26"]
[Round "2"]
[Board "2"]
[White "Schneider-Zinner, Harald"]
[Black "Alvir, Aco"]
[Result "1/2-1/2"]
[WhiteElo "2347"]
[BlackElo "2374"]
[PlyCount "28"]

1.d4 Nf6 2.c4 c5 3.d5 e6 4.Nc3 exd5 5.cxd5 d6 6.e4 g6 7.Nf3 Bg7 8.h3 O-O 9.Bd3
Na6 10.O-O Nc7 11.Re1 a6 12.a4 Nd7 13.Bf4 Qe7 14.Bf1 Ne5

[Event "Aut_2.Bundesliga_Ost_2003/04"]
[Site "Bruck/Leitha (1+2), Wien (3+4), Eichgraben (5-7), Wien (8+9), Eichgraben (10+11)"]
[Date "2003.10.26"]
[Round "2"]
[Board "3"]
[White "Novak, Ivan"]
[Black "Kummer, Helmut"]
[Result "0-1"]
[WhiteElo "2374"]
[BlackElo "2337"]
[PlyCount "56"]

1.e4 e5 2.Nf3 Nf6 3.d3 Nc6 4.Be2 Bc5 5.O-O d6 6.c3 Bb6 7.Nbd2 a6 8.Nc4 Ba7 9.Be3
Bxe3 10.Nxe3 O-O 11.Nd2 Ne7 12.d4 Ng6 13.Bc4 c6 14.Bb3 b5 15.Qf3 Be6 16.Nf5 Qd7
17.Rfe1 Nxe4 18.Nxe4 Bxf5 19.dxe5 Nxe5 20.Qg3 Bxe4 21.Rxe4 Ng6 22.h4 d5 23.Rd4
Qf5 24.Rc1 Rae8 25.Bc2 Qh5 26.Rg4 Qe5 27.Qd3 f5 28.Rd4 Nf4

[Event "Aut_2.Bundesliga_Ost_2003/04"]
[Site "Bruck/Leitha (1+2), Wien (3+4), Eichgraben (5-7), Wien (8+9), Eichgraben (10+11)"]
[Date "2003.10.26"]
[Round "2"]
[Board "4"]
[White "Sandhu, Mario"]
[Black "Kuthan, Andreas"]
[Result "1-0"]
[WhiteElo "2338"]
[BlackElo "2237"]
[PlyCount "81"]

1.Nf3 Nf6 2.c4 g6 3.g3 Bg7 4.Bg2 O-O 5.O-O c6 6.d4 d6 7.Nc3 Nbd7 8.Qc2 e5 9.Rd1
Qe7 10.b3 Re8 11.e3 exd4 12.Nxd4 Nc5 13.Bb2 h5 14.h4 Ng4 15.b4 Ne6 16.Nxc6 bxc6
17.Bxc6 Rb8 18.Nd5 Qd8 19.Bxe8 Qxe8 20.Bxg7 Nxg7 21.Qc3 Bb7 22.f3 Bxd5 23.Rxd5
Qxe3+ 24.Qxe3 Nxe3 25.Rb5 Rc8 26.Kf2 Ngf5 27.Rc1 Nxc4 28.a4 a6 29.Ra5 Rc6 30.b5
axb5 31.Ra8+ Kg7 32.axb5 Rc5 33.Rb8 d5 34.Rb1 Nce3 35.Ke2 d4 36.b6 Nd5 37.Kd3
Rc3+ 38.Kd2 Nd6 39.b7 Nc4+ 40.Ke2 Rc2+ 41.Kd3

[Event "Aut_2.Bundesliga_Ost_2003/04"]
[Site "Bruck/Leitha (1+2), Wien (3+4), Eichgraben (5-7), Wien (8+9), Eichgraben (10+11)"]
[Date "2003.10.26"]
[Round "2"]
[Board "5"]
[White "Tanzler, Johann"]
[Black "Holzer, Gerhard"]
[Result "0-1"]
[WhiteElo "2136"]
[BlackElo "2245"]
[PlyCount "59"]

1.e4 c5 2.Nc3 e6 3.g3 b6 4.Bg2 Bb7 5.d3 d6 6.f4 Nf6 7.Nf3 Be7 8.O-O Nc6 9.Nh4
Nd7 10.Nf3 a6 11.Be3 Qc7 12.a3 Nf6 13.h3 d5 14.e5 Nd7 15.Bf2 O-O 16.Re1 b5 17.d4
b4 18.Ne2 bxa3 19.bxa3 cxd4 20.Bxd4 Nc5 21.Bxc5 Bxc5+ 22.Kh2 Rfc8 23.c4 dxc4
24.Qc2 h6 25.Qxc4 Na5 26.Qc3 Qd8 27.Red1 Bd5 28.Ne1 Bg1+ 29.Kxg1 Rxc3 30.Nxc3

[Event "Aut_2.Bundesliga_Ost_2003/04"]
[Site "Bruck/Leitha (1+2), Wien (3+4), Eichgraben (5-7), Wien (8+9), Eichgraben (10+11)"]
[Date "2003.10.26"]
[Round "2"]
[Board "6"]
[White "Hansen, Kay"]
[Black "Froschauer, Hans"]
[Result "1/2-1/2"]
[WhiteElo "2242"]
[BlackElo "2120"]
[PlyCount "128"]

1.d4 d5 2.c4 e6 3.Nf3 Be7 4.Nc3 Nf6 5.Bf4 c6 6.e3 O-O 7.Bd3 Nbd7 8.cxd5 exd5
9.h3 Re8 10.Qc2 Nf8 11.a3 Ng6 12.Bh2 Bf8 13.b4 Bd7 14.O-O Rc8 15.Kh1 Be6 16.Ne5
Nd7 17.f4 Ndxe5 18.fxe5 Be7 19.Ne2 Bg5 20.Nf4 Qd7 21.Nxe6 fxe6 22.Bxg6 hxg6
23.Bf4 Bxf4 24.Rxf4 g5 25.Rf3 Rf8 26.Raf1 Rxf3 27.Rxf3 Qe8 28.Kh2 Qh5 29.Qe2 Kh7
30.Qf2 Rc7 31.Rf8 Qg6 32.Qf3 b6 33.Ra8 g4 34.Qg3 Qh6 35.Qxg4 Qxe3 36.Rf8 Qh6
37.Rf4 c5 38.Qg3 g5 39.Rf6 Qh5 40.dxc5 bxc5 41.bxc5 Rxc5 42.Rxe6 Rc7 43.Qd3+ Kg7
44.Qxd5 g4 45.Qd3 gxh3 46.Qxh3 Qg5 47.Qg3 Qxg3+ 48.Kxg3 Rc3+ 49.Kf4 Rxa3 50.Rc6
Ra2 51.g4 a5 52.Kg5 Kf7 53.Ra6 a4 54.e6+ Ke7 55.Kg6 a3 56.g5 Ra1 57.Kg7 a2 58.g6
Ke8 59.Ra7 Kd8 60.Kf8 Rf1+ 61.Rf7 Rxf7+ 62.gxf7 a1=Q 63.e7+ Kc7 64.e8=Q Qh8+

[Event "Aut_2.Bundesliga_Ost_2003/04"]
[Site "Bruck/Leitha (1+2), Wien (3+4), Eichgraben (5-7), Wien (8+9), Eichgraben (10+11)"]
[Date "2003.10.26"]
[Round "2"]
[Board "1"]
[White "Tibensky, Robert"]
[Black "Srienz, Christian"]
[Result "1/2-1/2"]
[WhiteElo "2405"]
[BlackElo "2222"]
[PlyCount "28"]

1.Nf3 Nf6 2.c4 e6 3.b3 b6 4.Bb2 Bb7 5.e3 c5 6.Be2 Be7 7.O-O O-O 8.Nc3 d5 9.cxd5
Nxd5 10.d3 Bf6 11.Rc1 Nc6 12.a3 Nxc3 13.Bxc3 Bxc3 14.Rxc3 Qf6

[Event "Aut_2.Bundesliga_Ost_2003/04"]
[Site "Bruck/Leitha (1+2), Wien (3+4), Eichgraben (5-7), Wien (8+9), Eichgraben (10+11)"]
[Date "2003.10.26"]
[Round "2"]
[Board "2"]
[White "Schorn, Christoph"]
[Black "Wallner, Joachim"]
[Result "0-1"]
[WhiteElo "2215"]
[BlackElo "2297"]
[PlyCount "64"]

1.e4 c5 2.Nf3 e6 3.d4 cxd4 4.Nxd4 a6 5.Nc3 Qc7 6.Bd3 d6 7.O-O Nf6 8.Kh1 b6 9.f4
Nbd7 10.Qe2 Be7 11.Bd2 Bb7 12.Rae1 Nc5 13.Qf2 h5 14.Qg3 h4 15.Qh3 O-O-O 16.Nf3
d5 17.exd5 Nxd5 18.f5 Kb8 19.fxe6 Nxe6 20.Nxd5 Bxd5 21.Ne5 Bf6 22.Ng4 Bg5
23.Rxe6 Bxe6 24.Bxg5 Rd4 25.Be2 Bxg4 26.Bxg4 Qc4 27.Qf3 Rxg4 28.Be3 Re8 29.Bxb6
Re6 30.Rd1 Rxb6 31.Qe3 Re6 32.Qa3 Qb4

[Event "Aut_2.Bundesliga_Ost_2003/04"]
[Site "Bruck/Leitha (1+2), Wien (3+4), Eichgraben (5-7), Wien (8+9), Eichgraben (10+11)"]
[Date "2003.10.26"]
[Round "2"]
[Board "3"]
[White "Ganaus, Hannes"]
[Black "Bechmann, Gerhard"]
[Result "1/2-1/2"]
[WhiteElo "2349"]
[BlackElo "2141"]
[PlyCount "76"]

1.d4 f5 2.g3 Nf6 3.Bg2 e6 4.Nf3 Be7 5.O-O O-O 6.c4 d6 7.b3 c6 8.Bb2 Re8 9.Nbd2
Nbd7 10.Qc2 Nf8 11.e4 Ng6 12.e5 dxe5 13.Nxe5 Nxe5 14.dxe5 Nd7 15.a3 Qc7 16.f4 b6
17.Nf3 Bb7 18.b4 c5 19.b5 a5 20.Rfd1 Rad8 21.Rd2 Nf8 22.Rad1 Rxd2 23.Rxd2 Rd8
24.Qd1 h6 25.Rxd8 Qxd8 26.Qxd8 Bxd8 27.h4 g6 28.Kf2 Bxf3 29.Bxf3 g5 30.Bc6 Kf7
31.Ke2 Ke7 32.Kd3 Nd7 33.Kc2 Bc7 34.Kb3 Nb8 35.Ka4 Nd7 36.Bc3 Kd8 37.Bb7 Nf8
38.Bc6 Nd7

[Event "Aut_2.Bundesliga_Ost_2003/04"]
[Site "Bruck/Leitha (1+2), Wien (3+4), Eichgraben (5-7), Wien (8+9), Eichgraben (10+11)"]
[Date "2003.10.26"]
[Round "2"]
[Board "4"]
[White "Thoma, Wilhelm Jun."]
[Black "Franzen, Jozef"]
[Result "1/2-1/2"]
[WhiteElo "2161"]
[BlackElo "2402"]
[PlyCount "52"]

1.d4 Nf6 2.Nf3 d6 3.c4 Nbd7 4.Nc3 e5 5.g3 g6 6.Bg2 Bg7 7.O-O O-O 8.Qc2 c6 9.e4
exd4 10.Nxd4 Nc5 11.Nb3 Ne6 12.h3 Qe7 13.Be3 Nd7 14.f4 Ndc5 15.Rad1 Nxb3 16.Qxb3
Nc5 17.Qc2 f5 18.Bd4 Nxe4 19.Nxe4 fxe4 20.Bxg7 Kxg7 21.Rfe1 Qf6 22.b3 Re8 23.Qd2
Be6 24.Rxe4 Rad8 25.Rd4 d5 26.cxd5 cxd5

[Event "Aut_2.Bundesliga_Ost_2003/04"]
[Site "Bruck/Leitha (1+2), Wien (3+4), Eichgraben (5-7), Wien (8+9), Eichgraben (10+11)"]
[Date "2003.11.22"]
[Round "3"]
[Board "1"]
[White "Srienz, Christian"]
[Black "Likavsky, Tomas"]
[Result "0-1"]
[WhiteElo "2222"]
[BlackElo "2472"]
[PlyCount "118"]

1.e4 c5 2.Nf3 d6 3.c3 Nf6 4.Be2 g6 5.O-O Bg7 6.Bb5+ Bd7 7.Bxd7+ Qxd7 8.Re1 Nc6
9.d4 cxd4 10.cxd4 d5 11.e5 Ne4 12.Nc3 Nxc3 13.bxc3 e6 14.Bg5 h6 15.Bf6 O-O 16.h4
Bxf6 17.exf6 Qd8 18.Qd2 Qxf6 19.Qxh6 Ne7 20.Rad1 Nf5 21.Qf4 Kg7 22.g3 Nd6
23.Qxd6 Qxf3 24.Rb1 b6 25.Rb3 Rfd8 26.Qe7 Qf6 27.Qb7 Rdb8 28.Qa6 Rc8 29.a4 Rc4
30.Qb7 Qd8 31.Qa6 Qc8 32.Qb5 Rxc3 33.Rb2 Qc7 34.Qe2 Rc8 35.Kg2 Rc1 36.Rxc1 Qxc1
37.Qe5+ Kg8 38.h5 gxh5 39.Rb3 Qc2 40.Rf3 Qg6 41.Rf4 f5 42.Rh4 Kf7 43.Qe2 Rc4
44.Rxh5 Rxd4 45.Rh8 f4 46.Qa6 Kg7 47.Qc8 Qf7 48.Rh3 Kg6 49.Qh8 Qg7 50.Qe8+ Kf6
51.Qd8+ Kf5 52.Rh5+ Ke4 53.Qc8 Qg6 54.Qc2+ Rd3 55.Qe2+ Kd4 56.Qb2+ Kc4 57.Rh4
Rxg3+ 58.fxg3 Qxg3+ 59.Kf1 Qxh4

[Event "Aut_2.Bundesliga_Ost_2003/04"]
[Site "Bruck/Leitha (1+2), Wien (3+4), Eichgraben (5-7), Wien (8+9), Eichgraben (10+11)"]
[Date "2003.11.22"]
[Round "3"]
[Board "2"]
[White "Manik, Mikulas"]
[Black "Schorn, Christoph"]
[Result "1-0"]
[WhiteElo "2493"]
[BlackElo "2215"]
[PlyCount "77"]

1.e4 c5 2.Nf3 d6 3.d4 cxd4 4.Nxd4 Nf6 5.Nc3 a6 6.Bg5 e6 7.f4 Qc7 8.Bxf6 gxf6
9.Qf3 Nc6 10.O-O-O Bd7 11.f5 Nxd4 12.Rxd4 Qc5 13.Rd1 Be7 14.g3 O-O-O 15.Bh3 h5
16.fxe6 fxe6 17.Ne2 Qe5 18.Nf4 h4 19.Kb1 Rdg8 20.Qb3 hxg3 21.hxg3 Rxh3 22.Rxh3
Qxe4 23.Rhh1 Qa4 24.Qxa4 Bxa4 25.Nxe6 Bd7 26.Rh7 Bxe6 27.Rxe7 Bf5 28.Rf7 Be4
29.Rxf6 d5 30.Rg1 Kd7 31.Rf7+ Kc6 32.Kc1 Rh8 33.Rf2 Kc5 34.g4 Kd4 35.Kd2 Rc8
36.c3+ Ke5 37.Ke3 Rc4 38.g5 Bg6 39.Rf6

[Event "Aut_2.Bundesliga_Ost_2003/04"]
[Site "Bruck/Leitha (1+2), Wien (3+4), Eichgraben (5-7), Wien (8+9), Eichgraben (10+11)"]
[Date "2003.11.22"]
[Round "3"]
[Board "3"]
[White "Thoma, Wilhelm Jun."]
[Black "Dudas, Jan"]
[Result "1/2-1/2"]
[WhiteElo "2161"]
[BlackElo "2320"]
[PlyCount "46"]

1.d4 Nf6 2.Nf3 e6 3.c4 c5 4.d5 b5 5.Bg5 bxc4 6.Nc3 h6 7.Bxf6 Qxf6 8.e4 d6 9.Bxc4
e5 10.Bb5+ Bd7 11.O-O Qd8 12.Qa4 Be7 13.b4 cxb4 14.Qxb4 O-O 15.Bd3 Bg4 16.Nd2
Nd7 17.f3 Nc5 18.Be2 Bd7 19.Rab1 Bg5 20.Nc4 Qe7 21.Qa5 Rfc8 22.Nb5 Bxb5 23.Rxb5
Rab8

[Event "Aut_2.Bundesliga_Ost_2003/04"]
[Site "Bruck/Leitha (1+2), Wien (3+4), Eichgraben (5-7), Wien (8+9), Eichgraben (10+11)"]
[Date "2003.11.22"]
[Round "3"]
[Board "1"]
[White "Pingitzer, Harald"]
[Black "Tibensky, Robert"]
[Result "1/2-1/2"]
[WhiteElo "2381"]
[BlackElo "2405"]
[PlyCount "56"]

1.Nf3 g6 2.g3 Bg7 3.d4 c5 4.c3 Qa5 5.Nbd2 cxd4 6.Nb3 Qb6 7.cxd4 d6 8.Bg2 Nf6
9.O-O O-O 10.Nbd2 d5 11.e3 Nc6 12.b3 Bf5 13.Qe2 Rfc8 14.a3 Rc7 15.Bb2 Na5 16.b4
Rc2 17.bxa5 Qxb2 18.Rfb1 Qc3 19.Qe1 Rb8 20.Rb5 Qc7 21.Ne5 Nd7 22.Ndf3 e6 23.Nxd7
Qxd7 24.Bf1 Rbc8 25.Nh4 Bf8 26.Nxf5 gxf5 27.Qd1 R2c3 28.Rab1 R8c7

[Event "Aut_2.Bundesliga_Ost_2003/04"]
[Site "Bruck/Leitha (1+2), Wien (3+4), Eichgraben (5-7), Wien (8+9), Eichgraben (10+11)"]
[Date "2003.11.22"]
[Round "3"]
[Board "2"]
[White "Banas, Jan"]
[Black "Schneider-Zinner, Harald"]
[Result "1/2-1/2"]
[WhiteElo "2369"]
[BlackElo "2347"]
[PlyCount "45"]

1.c4 e6 2.Nf3 Nf6 3.g3 d5 4.Bg2 Be7 5.O-O O-O 6.d4 c5 7.cxd5 exd5 8.Nc3 Nc6 9.b3
Ne4 10.Bb2 Bf6 11.Na4 Re8 12.Rc1 b6 13.Re1 Ba6 14.dxc5 Bxb2 15.Nxb2 Nb4 16.Na4
Nxa2 17.Rc2 Nb4 18.Rc1 bxc5 19.Nd2 Qf6 20.Nxe4 dxe4 21.Rxc5 Rad8 22.Qc1 g6
23.Qc3

[Event "Aut_2.Bundesliga_Ost_2003/04"]
[Site "Bruck/Leitha (1+2), Wien (3+4), Eichgraben (5-7), Wien (8+9), Eichgraben (10+11)"]
[Date "2003.11.22"]
[Round "3"]
[Board "3"]
[White "Kummer, Helmut"]
[Black "Ganaus, Hannes"]
[Result "0-1"]
[WhiteElo "2337"]
[BlackElo "2349"]
[PlyCount "127"]

1.d4 d5 2.c4 dxc4 3.Nf3 a6 4.e3 Nf6 5.Bxc4 e6 6.O-O c5 7.Qe2 Nc6 8.Nc3 Qc7 9.Bd3
cxd4 10.exd4 Be7 11.a3 O-O 12.Bg5 Rd8 13.Rad1 g6 14.Bb1 b5 15.Rfe1 b4 16.axb4
Nxb4 17.Qe5 Qxe5 18.dxe5 Rxd1 19.Rxd1 Nfd5 20.Nxd5 Nxd5 21.Bxe7 Nxe7 22.Ng5 Rb8
23.Rd2 Nd5 24.Ne4 Kg7 25.g3 a5 26.Bd3 Nb4 27.Bf1 Bb7 28.Bg2 Rc8 29.Nc3 Bxg2
30.Kxg2 Rc5 31.f4 Rc7 32.Kf3 h6 33.Ke2 g5 34.Kf3 Kg6 35.Rd8 Nc6 36.Rd6 Ne7
37.Rb6 gxf4 38.gxf4 Kf5 39.Ne2 Rc4 40.Ng3+ Kg6 41.Ra6 a4 42.h4 h5 43.Ra7 Nc6
44.Rb7 Rc2 45.Ke3 Na5 46.Rb4 Rxb2 47.Rxa4 Rb3+ 48.Kf2 Nc6 49.Ra8 Rb2+ 50.Kf3
Rb3+ 51.Kg2 Ne7 52.Rd8 Rb2+ 53.Kg1 Nf5 54.Rg8+ Kh7 55.Rg5 Nxg3 56.Rxg3 Rb4
57.Rf3 Kg6 58.Kf2 Kf5 59.Kg3 Rb1 60.Ra3 Rg1+ 61.Kf2 Rg4 62.Ra7 Rxf4+ 63.Kg3 Rg4+
64.Kf3

[Event "Aut_2.Bundesliga_Ost_2003/04"]
[Site "Bruck/Leitha (1+2), Wien (3+4), Eichgraben (5-7), Wien (8+9), Eichgraben (10+11)"]
[Date "2003.11.22"]
[Round "3"]
[Board "4"]
[White "Franzen, Jozef"]
[Black "Sandhu, Mario"]
[Result "1-0"]
[WhiteElo "2402"]
[BlackElo "2338"]
[PlyCount "75"]

1.g3 d5 2.Bg2 e5 3.d3 c6 4.Nf3 Bd6 5.e4 Bg4 6.Nbd2 Nf6 7.h3 Bxf3 8.Qxf3 dxe4
9.dxe4 Nbd7 10.O-O O-O 11.Nc4 Bc5 12.a4 Re8 13.Rd1 Qc7 14.Bd2 a5 15.h4 Nf8 16.h5
Ne6 17.c3 Nd7 18.Bf1 Rad8 19.Ne3 Ng5 20.Qf5 Nf6 21.Bg2 h6 22.Nc4 Nxh5 23.Bxg5
hxg5 24.Qxg5 g6 25.Bf3 Ng7 26.Kg2 b5 27.axb5 cxb5 28.Ne3 Ne6 29.Qh6 Bf8 30.Qh4
Be7 31.Qg4 Bg5 32.Nd5 Qa7 33.Be2 Qb7 34.Rxa5 Rxd5 35.exd5 f5 36.Qb4 Nc7 37.Qd6
Kg7 38.Qc6

[Event "Aut_2.Bundesliga_Ost_2003/04"]
[Site "Bruck/Leitha (1+2), Wien (3+4), Eichgraben (5-7), Wien (8+9), Eichgraben (10+11)"]
[Date "2003.11.22"]
[Round "3"]
[Board "5"]
[White "Holzer, Gerhard"]
[Black "Fusi, Christoph"]
[Result "1/2-1/2"]
[WhiteElo "2245"]
[BlackElo "2241"]
[PlyCount "21"]

1.b3 d5 2.Bb2 Nf6 3.e3 c5 4.Nf3 Nc6 5.Be2 e6 6.O-O Be7 7.d3 O-O 8.Nbd2 b6 9.Re1
Bb7 10.Bf1 Qc7 11.c4

[Event "Aut_2.Bundesliga_Ost_2003/04"]
[Site "Bruck/Leitha (1+2), Wien (3+4), Eichgraben (5-7), Wien (8+9), Eichgraben (10+11)"]
[Date "2003.11.22"]
[Round "3"]
[Board "6"]
[White "Zetthofer, Gerald"]
[Black "Hansen, Kay"]
[Result "0-1"]
[WhiteElo "2225"]
[BlackElo "2242"]
[PlyCount "90"]

1.d4 d5 2.c4 c6 3.cxd5 cxd5 4.Nc3 Nf6 5.Bf4 e6 6.Nf3 Bd6 7.Bxd6 Qxd6 8.e3 a6
9.Bd3 Nc6 10.O-O O-O 11.Rc1 e5 12.dxe5 Nxe5 13.Nxe5 Qxe5 14.Be2 Bf5 15.Qb3 Be6
16.Qb4 Rfd8 17.Bf3 Rac8 18.Qxb7 Rc4 19.Ne2 Rb8 20.Qxa6 Qxb2 21.Ra1 Rb6 22.Qa8+
Rb8 23.Qa5 Rc2 24.a4 Rxe2 25.Bxe2 Qxe2 26.Qa7 Re8 27.a5 h5 28.a6 d4 29.Qxd4 Bd5
30.Rfe1 Qc2 31.Rec1 Qg6 32.g3 Qf5 33.Ra5 Qf3 34.Rxd5 Qxd5 35.Qb6 h4 36.gxh4 Qd2
37.Rf1 Qe2 38.Qb7 Ne4 39.Qd7 Re6 40.Qc8+ Kh7 41.h5 Qg4+ 42.Kh1 Qf3+ 43.Kg1 Re5
44.h4 Rxh5 45.a7 Rxh4

[Event "Aut_2.Bundesliga_Ost_2003/04"]
[Site "Bruck/Leitha (1+2), Wien (3+4), Eichgraben (5-7), Wien (8+9), Eichgraben (10+11)"]
[Date "2003.11.22"]
[Round "3"]
[Board "1"]
[White "Palkoevi, Jozsef"]
[Black "Brestian, Egon"]
[Result "1-0"]
[WhiteElo "2428"]
[BlackElo "2431"]
[PlyCount "53"]

1.e4 c6 2.d4 d5 3.exd5 cxd5 4.c4 Nf6 5.Nc3 g6 6.cxd5 Bg7 7.Bb5+ Bd7 8.Qb3 O-O
9.Bxd7 Nbxd7 10.Qxb7 Nb6 11.Nf3 Nbxd5 12.Qa6 Qc7 13.O-O Qb8 14.Nxd5 Nxd5 15.Qe2
Qb7 16.b3 Rfd8 17.Bd2 Nb4 18.Bxb4 Qxb4 19.Rac1 Rac8 20.h3 e6 21.Rxc8 Rxc8 22.Rd1
Qd6 23.Qe4 h6 24.g3 Rd8 25.Rd2 Qb4 26.Rc2 Bxd4 27.Rc4

[Event "Aut_2.Bundesliga_Ost_2003/04"]
[Site "Bruck/Leitha (1+2), Wien (3+4), Eichgraben (5-7), Wien (8+9), Eichgraben (10+11)"]
[Date "2003.11.22"]
[Round "3"]
[Board "2"]
[White "Lipka, Juraj"]
[Black "Rumpl, Erwin"]
[Result "1-0"]
[WhiteElo "2417"]
[BlackElo "2254"]
[PlyCount "109"]

1.e4 d6 2.d4 Nf6 3.Bd3 e5 4.c3 g6 5.Nf3 Nbd7 6.O-O Bg7 7.Bg5 h6 8.Bh4 g5 9.Bg3
Nh5 10.Na3 Nxg3 11.hxg3 O-O 12.Nc4 g4 13.Nh4 exd4 14.cxd4 Bxd4 15.Nf5 Bg7
16.Qxg4 Qf6 17.Qxg7+ Qxg7 18.Nxg7 Kxg7 19.Ne3 Nc5 20.Bc2 Be6 21.b4 Nd7 22.Bb3
Ne5 23.Rfd1 Ng4 24.Nxg4 Bxg4 25.f3 Be6 26.Bd5 Bxd5 27.Rxd5 Rfe8 28.Rc1 Rac8
29.Kf2 Re6 30.g4 a6 31.Rcd1 Rce8 32.Ke3 Re5 33.a4 Kg6 34.Rxe5 Rxe5 35.Rc1 Re7
36.Kd4 h5 37.gxh5+ Kxh5 38.Rh1+ Kg5 39.Rh8 Re5 40.Rb8 b5 41.axb5 Rxb5 42.Rxb5+
axb5 43.Kd5 Kf4 44.Kc6 Kg3 45.Kxb5 c5 46.bxc5 dxc5 47.e5 Kf4 48.Kxc5 Kxe5 49.g3
Ke6 50.Kc6 Ke5 51.Kd7 Kf6 52.Kd6 Kg5 53.Ke7 Kg6 54.f4 Kg7 55.f5

[Event "Aut_2.Bundesliga_Ost_2003/04"]
[Site "Bruck/Leitha (1+2), Wien (3+4), Eichgraben (5-7), Wien (8+9), Eichgraben (10+11)"]
[Date "2003.11.22"]
[Round "3"]
[Board "3"]
[White "Gugler, Edgar"]
[Black "Alvir, Aco"]
[Result "1-0"]
[WhiteElo "2242"]
[BlackElo "2374"]
[PlyCount "123"]

1.d4 g6 2.Nf3 Bg7 3.Bf4 d6 4.e3 Nd7 5.h3 e5 6.Bh2 Nh6 7.Be2 O-O 8.O-O f5 9.dxe5
dxe5 10.Nc3 Nf7 11.Bc4 e4 12.Bxf7+ Rxf7 13.Ne5 Bxe5 14.Bxe5 c6 15.Ne2 Qe7 16.Bc3
Nf6 17.Nf4 b6 18.Qd4 Be6 19.Rfd1 Re8 20.b3 Bc8 21.Bb2 Bb7 22.a4 Qc5 23.Qxc5 bxc5
24.Bxf6 Rxf6 25.h4 Ba6 26.Rd7 Rf7 27.Rd6 Bb7 28.Rad1 Rfe7 29.a5 Kf7 30.a6 Bxa6
31.Rxc6 Bb7 32.Rxc5 Rc8 33.Rxc8 Bxc8 34.Rd8 Ba6 35.Rd6 Bc8 36.Rd8 Ba6 37.Rd6 Bc8
38.Rc6 Bb7 39.Rc5 Ba6 40.Ra5 Bc8 41.Ne2 f4 42.Nxf4 Bg4 43.Rc5 Rd7 44.b4 h6
45.Kh2 Rd2 46.Kg3 Bd7 47.c4 Rb2 48.Rc7 Ke8 49.b5 g5 50.hxg5 hxg5 51.Nd5 Kd8
52.Rxa7 Be6 53.Ra8+ Kd7 54.Ra1 Kd6 55.Ra6+ Ke5 56.Rc6 Bf7 57.Rc7 Be6 58.Rc5 Kd6
59.Rc6+ Ke5 60.Nc3 Bf5 61.b6 Rb3 62.Nb5

[Event "Aut_2.Bundesliga_Ost_2003/04"]
[Site "Bruck/Leitha (1+2), Wien (3+4), Eichgraben (5-7), Wien (8+9), Eichgraben (10+11)"]
[Date "2003.11.22"]
[Round "3"]
[Board "4"]
[White "Kuthan, Andreas"]
[Black "Bachmayer, Josef"]
[Result "1-0"]
[WhiteElo "2237"]
[BlackElo "2170"]
[PlyCount "83"]

1.e4 e5 2.Nf3 Nc6 3.Bb5 Nf6 4.O-O Nxe4 5.d4 Nd6 6.Bxc6 dxc6 7.dxe5 Nf5 8.Qxd8+
Kxd8 9.Rd1+ Ke8 10.Nc3 h6 11.b3 Be7 12.Ne2 Bd7 13.Bb2 Rd8 14.Nf4 h5 15.Rd3 Rh6
16.Rad1 g5 17.Ne2 g4 18.Nd2 Be6 19.Ne4 Rxd3 20.Rxd3 h4 21.Bc1 Rh8 22.Nf4 Ng7
23.Nf6+ Bxf6 24.exf6 Nh5 25.Nxe6 fxe6 26.Bg5 Rf8 27.Bxh4 Nxf6 28.Rg3 Kf7 29.Bxf6
Kxf6 30.Rxg4 Rd8 31.h4 b5 32.Rg3 c5 33.h5 Rh8 34.Rg6+ Kf5 35.g4+ Kf4 36.Kg2 e5
37.h6 e4 38.g5 c4 39.bxc4 bxc4 40.Rg7 e3 41.fxe3+ Kxe3 42.h7

[Event "Aut_2.Bundesliga_Ost_2003/04"]
[Site "Bruck/Leitha (1+2), Wien (3+4), Eichgraben (5-7), Wien (8+9), Eichgraben (10+11)"]
[Date "2003.11.22"]
[Round "3"]
[Board "5"]
[White "Wadsack, Wolfgang"]
[Black "Froschauer, Hans"]
[Result "1/2-1/2"]
[WhiteElo "2176"]
[BlackElo "2120"]
[PlyCount "82"]

1.e4 c5 2.c3 d5 3.exd5 Qxd5 4.d4 e6 5.Nf3 Nf6 6.Bd3 Be7 7.O-O O-O 8.Be3 Nbd7
9.c4 Qd6 10.Nc3 a6 11.Qe2 b6 12.Rad1 Qc7 13.Bg5 Re8 14.Ne4 Bb7 15.dxc5 bxc5
16.Qe3 Rac8 17.Nxf6+ Nxf6 18.Ne5 Rcd8 19.Rfe1 Rd4 20.Qh3 Ne4 21.Bxe4 Rxe4
22.Rxe4 Bxe4 23.Bxe7 Qxe5 24.Qe3 f5 25.Bxc5 Qxb2 26.f3 Ba8 27.Rd2 Qc1+ 28.Kf2
Qxc4 29.Qe5 Qh4+ 30.Kf1 Qf6 31.Qxf6 gxf6 32.Rd6 Bd5 33.a3 Rc8 34.Bb4 Rc2 35.Kg1
Bc4 36.Rd7 f4 37.h4 Bb5 38.Re7 Re2 39.h5 h6 40.Bd6 e5 41.Re6 Kf7

[Event "Aut_2.Bundesliga_Ost_2003/04"]
[Site "Bruck/Leitha (1+2), Wien (3+4), Eichgraben (5-7), Wien (8+9), Eichgraben (10+11)"]
[Date "2003.11.22"]
[Round "3"]
[Board "6"]
[White "Bauer, Manfred"]
[Black "Wadsack, Winfried"]
[Result "1-0"]
[WhiteElo "1993"]
[BlackElo "2146"]
[PlyCount "119"]

1.f4 d5 2.Nf3 Nf6 3.e3 Bg4 4.b3 e6 5.Bb2 c5 6.Be2 Nc6 7.Ne5 Bxe2 8.Qxe2 Bd6
9.Nxc6 bxc6 10.O-O O-O 11.d3 Nd7 12.c4 Qc7 13.g3 e5 14.Nc3 Nb6 15.f5 f6 16.e4 d4
17.Nb1 a5 18.a4 Rfb8 19.Qc2 Rb7 20.Nd2 Bf8 21.Kf2 Qf7 22.g4 g6 23.Bc1 Bh6 24.Nf3
Bxc1 25.Raxc1 Nd7 26.h4 Rab8 27.Nd2 Kh8 28.Rh1 Rg8 29.Rcg1 Rg7 30.Qd1 Nb6 31.h5
gxf5 32.h6 Rxg4 33.Rxg4 fxg4 34.Qxg4 Rb8 35.Rg1 Rg8 36.Qh3 Rxg1 37.Kxg1 Nd7
38.Kf2 Kg8 39.Nf3 Kf8 40.Qg4 Ke7 41.Nh4 Kf8 42.Nf5 Nb6 43.Qg7+ Qxg7 44.hxg7+ Kf7
45.Ne7 Kxg7 46.Nxc6 Kf7 47.Nxa5 Ke6 48.Nb7 Nd7 49.a5 f5 50.exf5+ Kxf5 51.a6 e4
52.dxe4+ Kf4 53.a7 Nb6 54.Nxc5 h5 55.e5 Kf5 56.e6 Kg6 57.b4 Na8 58.Ne4 h4 59.b5
d3 60.c5